Регионална библиотека "Любен Каравелов" - Русе

Едвард Григ (Запис номер 77651)

MARC детайли
000 -Лидер
Контролно поле с фиксирана дължина 01913nam a2200421 c 4500
003 - Код на организацията, давaща контролен номер
Контролно поле BLK
005 - Дата и час на последна редакция
Контролно поле 20230802121544.0
008 - Елементи от данни с фиксирана дължина
fixed length control field 180408b bul|||||r ||||||| ||bul||
010 ## - Наследен системен номер
LC control number KNG00082110000
020 ## - Международен стандартен номер на книга ISBN
Международен стандартен номер на книга ISBN 978-84-9819-902-4
-- издат.: Mediasat Group, S. A.
020 ## - Международен стандартен номер на книга ISBN
Международен стандартен номер на книга ISBN 978-84-9819-890-4
-- издат.: Mediasat Group, S. A. - (серия)
040 ## - Източник на каталожния запис
Идентификатор на билиотеката - собственик на записа BLK
041 ## - Код за език
Код за езика на текст/звукозапис или на отделно заглавие Български
Код за езика КДБФ Български
080 ## - УДК
Текстов определител УДК Музиканти-творци, композитори
УДК код - определител по УДК 78.071.1
УДК определител (481)(092)
УДК - код + определител 78.071.1(481)(092)
080 ## - УДК
Текстов определител УДК Норвежки композитор, пианист и диригент
УДК код - определител по УДК 929 Григ, Едвард Хагеруп
УДК определител
УДК - код + определител 929 Григ, Едвард Хагеруп
139 ## - Редно поле
Редна дума Доброволски, Лукаш
Авторски знак Григ - Г 82
245 10 - Сведения за заглавието
Заглавие Едвард Григ
Редно поле (дума) авт. на текста Лукаш Доброволски; прев. Ваня Манчева-Вичик; ред. Лъчезар Каранлъков.
257 ## - Страна на издаване
Страна на създаване/издаване България
260 ## - Област на издателските данни
-- София
Име на издателя, разпространителя и проч. Mediasat Group, S. A.
Година на издаване 2007
Печатница Отпеч. в ЕС
300 ## - Физическа характеристика
Страници 43 с.
Илюстрации и др. с цв. ил.
Размери/Мащаб 13Х14 см
Съпровождащи материали CD
380 ## - Жанр
Жанр Изкуство
490 1# - СЕРИИ (Колекции)
Име на серия Шедьоври на класиката
№: серия 12
500 ## - Общи забележки
Забележка Кн. е с CD 1660
600 14 - Име на лице, използвано като предмет
За него / За нея Григ, Едвард Хагеруп
9 (RLIN) 279435
650 #4 - Допълнително описание по предмет – тема
Основно описание – тема или топоним Композитори, норвежки
9 (RLIN) 279436
651 #4 - Допълнително описание по предмет - топоним
Географско понятие Норвегия
9 (RLIN) 179287
653 ## - Ключова дума – ненормативна
Ключова дума композитори
653 ## - Ключова дума – ненормативна
Ключова дума Едвард Григ
700 1# - Други автори (авторска отговорност)
Лично име Доброволски, Лукаш
Автороска отговорност (Описва отношението между автора и произведението) авт. на текста
9 (RLIN) 298412
700 1# - Други автори (авторска отговорност)
Лично име Манчева-Вичик, Ваня
Автороска отговорност (Описва отношението между автора и произведението) прев.
9 (RLIN) 298401
700 1# - Други автори (авторска отговорност)
Лично име Каранлъков, Лъчезар Тодоров
Дати, свързани с автора 1943-2022
Автороска отговорност (Описва отношението между автора и произведението) ред.
9 (RLIN) 76810
852 ## - Местоположение
Форматна сигнатура Цб І 32942
856 4# - Електронен адрес и достъп
Електронен формат pdf - файл
Път до файла /url/
856 4# - Електронен адрес и достъп
Електронен формат pdf - файл
Път до файла /url/
942 ## - АРТИКУЛИ
Вид на библиотечния материал Книги
Скрит в OPAC Не
944 ## - СЪЗДАВАНЕ И РЕДАКЦИЯ на ЗАПИСА
Създаване/Редакция Създаване
Дата на регистрацията/редакция 10.03.2008
Служител, извършил регистрацията/редакцията 30556
Статус, дата на статуса Теодора Пейчева-Дянкова
944 ## - СЪЗДАВАНЕ И РЕДАКЦИЯ на ЗАПИСА
Създаване/Редакция Редакция
Дата на регистрацията/редакция 08.01.2018
Служител, извършил регистрацията/редакцията Ирена_Линкова
999 ## - СИСТЕМНИ КОНТРОЛНИ НОМЕРА
Koha biblionumber 77651
Koha biblioitemnumber 77651
Наличности
Код за отписване Код за изгубен артикул Източник на класификационната схема Код за повреда Коз за рестрикции Код за отдаване Артикулен № Име на библиотеката - собственик Име на библиотеката, в която се намира в момента Статус (Текущо местоположение) Дата на вписване в системата Местоположение - отдел Цена в лева Инвентарен номер Систематично азбучна сигнатура Баркод Номер на екземпляра Цена в евро Служебна бележка Служебен тип на артикула
  Не е изгубен Universal Decimal Classification Не е повреден без рестрикции заемане за дома 125863 Регионална библиотека "Любен Каравелов" Русе Регионална библиотека "Любен Каравелов" Русе Отдел Изкуство - подръчен фонд 2008-03-10 Отдел Изкуство - подръчен фонд 4.90 120000724258 78.071.1(092)/Г 82 120000724258 1 2.51 Дост: DA Вид: А N: 6 Дата: 10.03.2008 Дата инв: 06.04.2017 Бележки инв: ИП2017 Книги
  Не е изгубен Universal Decimal Classification Не е повреден само за читалня ползва се в читалня 125864 Регионална библиотека "Любен Каравелов" Русе Регионална библиотека "Любен Каравелов" Русе Хранилище 2008-03-10 Основен фонд - ползва се само за читалня 4.90 120000724259 Цб І 38445 120000724259 2 2.51 Дост: DA Вид: А N: 6 Дата: 10.03.2008 Дата инв: 05.06.2012 Бележки инв: * Книги
Vip Innovations Ltd, Rousse, Bulgaria 2025